| 000 | 00460nam a2200181Ia 4500 | ||
|---|---|---|---|
| 005 | 20250423100537.0 | ||
| 008 | 250422s9999 xx 000 0 und d | ||
| 020 | _a9781496372802 | ||
| 050 | _aRC 86.8 .Z36/ | ||
| 100 | _aZane, Richard D. | ||
| 245 | 0 | _aPocket emergency medicine | |
| 250 | _a4th ed. | ||
| 260 | _aPhiladelphia | ||
| 260 | _bWolters Kluwer | ||
| 260 | _c2015 | ||
| 650 | _a Emergency medicine Medical emergencies | ||
| 942 | _cBK | ||
| 999 |
_c33628 _d33628 |
||